|
|
|
|
| LEADER |
01737nam a2200469 4500 |
| 001 |
ocn897448927 |
| 003 |
OCoLC |
| 005 |
20170124071748.1 |
| 006 |
m o d |
| 007 |
cr ||||||||||| |
| 008 |
141120s2014 nju o 000 0 eng d |
| 040 |
|
|
|a UKMGB
|b eng
|e pn
|c UKMGB
|d OCLCO
|d TEFOD
|d DEBSZ
|d DG1
|d TEFOD
|d DEBBG
|d OCLCQ
|d GrThAP
|
| 016 |
7 |
|
|a 016955961
|2 Uk
|
| 020 |
|
|
|a 9781118919699
|q (electronic bk.)
|
| 020 |
|
|
|a 1118919696
|q (electronic bk.)
|
| 020 |
|
|
|a 9781118919620
|q (electronic bk.)
|
| 020 |
|
|
|a 1118919629
|q (electronic bk.)
|
| 020 |
|
|
|a 9781119183716
|q (electronic bk.)
|
| 020 |
|
|
|a 1119183715
|q (electronic bk.)
|
| 029 |
1 |
|
|a DEBBG
|b BV043397338
|
| 029 |
1 |
|
|a DEBBG
|b BV043615960
|
| 029 |
1 |
|
|a DEBSZ
|b 43187395X
|
| 029 |
1 |
|
|a GBVCP
|b 836426207
|
| 035 |
|
|
|a (OCoLC)897448927
|
| 037 |
|
|
|a DE68E333-F3CF-4260-83A2-B67FE415A716
|b OverDrive, Inc.
|n http://www.overdrive.com
|
| 050 |
|
4 |
|a TJ223.P76
|
| 082 |
0 |
4 |
|a 629.89551
|2 23
|
| 049 |
|
|
|a MAIN
|
| 100 |
1 |
|
|a Langbridge, James A.,
|e author.
|
| 245 |
1 |
0 |
|a Arduino sketches :
|b tools and techniques for programming wizardry /
|c James A. Langbridge.
|
| 264 |
|
1 |
|a Hoboken :
|b John Wiley & Sons,
|c 2014.
|
| 300 |
|
|
|a 1 online resource
|
| 336 |
|
|
|a text
|b txt
|2 rdacontent
|
| 337 |
|
|
|a computer
|b c
|2 rdamedia
|
| 338 |
|
|
|a online resource
|b cr
|2 rdacarrier
|
| 588 |
0 |
|
|a CIP data; resource not viewed.
|
| 650 |
|
0 |
|a Arduino (Programmable controller)
|
| 650 |
|
0 |
|a Microcontrollers
|x Programming.
|
| 655 |
|
4 |
|a Electronic books.
|
| 776 |
0 |
8 |
|i Erscheint auch als:
|n Druck-Ausgabe
|a Langbridge, James A. Arduino Sketches .
|t Tools and Techniques for Programming Wizardry
|
| 856 |
4 |
0 |
|u https://doi.org/10.1002/9781119183716
|z Full Text via HEAL-Link
|
| 994 |
|
|
|a 92
|b DG1
|